000 01099cam a22003733a 4500
001 13316071
003 OSt
005 20140312145419.0
008 970523s1997 nyu j 000 1 eng d
010 _a 2003586898
020 _a043972404X
035 _a(OCoLC)ocm36956408
040 _aJBL
_cJBL
_dSLC
_dDLC
042 _alccopycat
050 0 0 _aPZ 7
_b.St859G16 1994
100 1 _aStine, R. L.
_93762
245 1 4 _aOne day at horrorland /
_cR.L. Stine.
260 _aNew York :
_bScholastic,
_c1997.
300 _a114 p. ;
_c20 cm.
490 1 _aGoosebumps ;
_v#16
500 _a"An Apple paperback."
500 _a"A Parachute Press book."
521 0 _aG2
526 _c400
650 0 _aHorror tales.
_93763
655 7 _aFantasy fiction.
_2gsafd
_93053
655 7 _aHorror fiction.
_2gsafd
_93405
710 2 _aCopyright Paperback Collection (Library of Congress)
_5DLC
_9705
800 1 _aStine, R. L.
_tGoosebumps ;
_v#56.
_923917
906 _a7
_bcbc
_ccopycat
_d2
_encip
_f20
_gy-genrareb
942 _2lcc
_cBK
999 _c42972
_d42972